| 000 | 00384nam a2200157Ia 4500 | ||
|---|---|---|---|
| 008 | 230524s9999 xx 000 0 und d | ||
| 082 |
_a660.6092 _bARU |
||
| 100 | _aM.Arumugam | ||
| 245 | 0 | _aBiomedical Instrumentation | |
| 250 | _a2ND | ||
| 260 |
_aNEW DELHI _bAnuradha Agencies _c2003 |
||
| 300 | _aIV;434 | ||
| 500 | _aQuantity Number: 1 | ||
| 650 | _aBiomedical | ||
| 942 | _cBK | ||
| 999 |
_c35004 _d35004 |
||